Statistics for 12 x 12 Multiplication Table in 2 Minutes

Click here to take the quiz!

General Stats

  • This quiz has been taken 254,592 times
  • The average score is 91 of 144

Answer Stats

Answer% Correct
1
100%
3
99%
4
99%
5
99%
6
99%
7
99%
8
99%
9
99%
2
99%
10
98%
2
98%
4
98%
6
98%
8
98%
12
98%
11
98%
10
98%
12
97%
14
97%
16
97%
18
97%
24
97%
20
97%
3
97%
6
97%
22
97%
9
96%
12
96%
18
96%
21
96%
15
96%
24
95%
27
95%
30
95%
33
95%
36
95%
4
95%
8
94%
16
94%
12
94%
24
93%
28
93%
20
93%
10
92%
44
92%
5
92%
32
92%
36
92%
40
92%
15
91%
20
91%
25
91%
48
91%
30
90%
35
90%
40
90%
45
90%
50
90%
55
90%
6
90%
60
89%
12
88%
18
87%
24
86%
36
85%
30
85%
48
83%
42
83%
60
81%
54
81%
66
80%
72
79%
7
79%
14
77%
21
75%
28
74%
35
72%
42
70%
49
69%
56
66%
63
63%
70
62%
77
61%
8
60%
84
59%
16
57%
24
54%
32
52%
40
50%
48
49%
56
47%
64
45%
80
42%
72
42%
9
41%
88
41%
96
38%
18
37%
27
35%
36
34%
45
33%
54
31%
63
30%
72
29%
10
29%
81
28%
20
27%
90
27%
99
26%
40
26%
30
26%
50
25%
60
25%
70
24%
108
24%
80
24%
90
23%
100
23%
110
22%
11
22%
120
21%
22
20%
33
19%
44
18%
66
18%
55
18%
88
17%
99
17%
77
17%
110
15%
12
15%
121
14%
24
12%
132
12%
36
11%
48
11%
60
10%
72
9%
84
8%
96
8%
108
7%
120
7%
144
7%
132
6%

Score Distribution

Percentile by Number Answered

Percent of People with Each Score

Your Score History

You have not taken this quiz